000 00294nam a2200121Ia 4500
005 20251222152612.0
008 251222s9999||||xx |||||||||||||| ||spa||
020 _a8476982259
082 _a347.05/R24/T.I
100 _aRamos Mendez, Francisco
245 0 _aDerecho Procesal Civil
942 _cLIB
999 _c27019
_d27019